<?xml version="1.0" encoding="UTF-8"?>
<record
    xmlns:xsi="http://www.w3.org/2001/XMLSchema-instance"
    xsi:schemaLocation="http://www.loc.gov/MARC21/slim http://www.loc.gov/standards/marcxml/schema/MARC21slim.xsd"
    xmlns="http://www.loc.gov/MARC21/slim">

  <leader>01329nam a22001577a 4500</leader>
  <controlfield tag="008">150522b        xxu||||| |||| 00| 0 eng d</controlfield>
  <datafield tag="082" ind1=" " ind2=" ">
    <subfield code="a">707</subfield>
    <subfield code="b">D 542f</subfield>
  </datafield>
  <datafield tag="100" ind1=" " ind2=" ">
    <subfield code="a">Diaz, Florentino</subfield>
    <subfield code="9">2757</subfield>
  </datafield>
  <datafield tag="245" ind1=" " ind2=" ">
    <subfield code="a">Florentino Diaz Mi casa junto a Gropius</subfield>
    <subfield code="c">Diaz, Florentino</subfield>
  </datafield>
  <datafield tag="260" ind1=" " ind2=" ">
    <subfield code="a">Espa&#xF1;a</subfield>
    <subfield code="b">C&#xE1;ceres Galeria Bores &amp; Mallo</subfield>
    <subfield code="c"> 2000</subfield>
  </datafield>
  <datafield tag="300" ind1=" " ind2=" ">
    <subfield code="a">147 p.</subfield>
    <subfield code="b">ill. (col)</subfield>
    <subfield code="c">12x17 cm</subfield>
  </datafield>
  <datafield tag="505" ind1=" " ind2=" ">
    <subfield code="t">Un artista en tiempo de mudanza. Una consideraci&#xF3;n m&#xED;nima sobre la hibridaci&#xF3;n pl&#xE1;stica de Florentino D&#xED;az.</subfield>
    <subfield code="r">Fernando Castro Flores</subfield>
    <subfield code="t">Los muros de la patria</subfield>
    <subfield code="r">Fernando Huici</subfield>
    <subfield code="t">Cuchillo de plomo</subfield>
    <subfield code="r">Agust&#xED;n Valle Garagorri</subfield>
    <subfield code="t">&#xBF;El fin de la historia?</subfield>
    <subfield code="r">Agust&#xED;n Valle Garagorri</subfield>
    <subfield code="t">Florentino D&#xED;az. La casa del Arte</subfield>
    <subfield code="r">Miguel Fern&#xE1;ndez-Cid</subfield>
    <subfield code="t">La Arquitectura del arte</subfield>
    <subfield code="r">Ana Carceller</subfield>
    <subfield code="t">Desolado y Vac&#xED;o</subfield>
    <subfield code="r">Helena Cabello</subfield>
    <subfield code="t">Habitar Descentrado</subfield>
    <subfield code="r">Fernando Castro Florez</subfield>
    <subfield code="t">Las ventanas no cierran bien Iron&#xED;a y alegor&#xED;a dom&#xE9;stica en la escultura de Florentino D&#xED;az </subfield>
    <subfield code="r">Juan Antonio &#xC1;lvarez Reyes </subfield>
    <subfield code="t">La totalidad de las proposiciones. Es el lenguaje</subfield>
    <subfield code="r">Jos&#xE9; Mar&#xED;n Medina  </subfield>
    <subfield code="t">Apartamiento</subfield>
    <subfield code="r">Jos&#xE9; D&#xED;as Cuyas</subfield>
    <subfield code="t"> Calcar para falsear  (De Malavich a Julio Gonzalez)</subfield>
    <subfield code="r">Juan Antonio &#xC1;lvarez Reyes </subfield>
  </datafield>
  <datafield tag="600" ind1=" " ind2=" ">
    <subfield code="a">Dias Flores, Florentino</subfield>
    <subfield code="d">1954</subfield>
    <subfield code="9">2758</subfield>
  </datafield>
  <datafield tag="650" ind1=" " ind2=" ">
    <subfield code="x">Arte moderno</subfield>
    <subfield code="x">Arte moderno-Espa&#xF1;a</subfield>
    <subfield code="x">Ensayos-Diaz Flores, Florentino</subfield>
    <subfield code="x">S.20</subfield>
    <subfield code="9">2759</subfield>
  </datafield>
  <datafield tag="700" ind1=" " ind2=" ">
    <subfield code="a">Diaz, Florentino</subfield>
    <subfield code="9">2760</subfield>
  </datafield>
  <datafield tag="999" ind1=" " ind2=" ">
    <subfield code="c">617</subfield>
    <subfield code="d">617</subfield>
  </datafield>
  <datafield tag="952" ind1=" " ind2=" ">
    <subfield code="0">0</subfield>
    <subfield code="1">0</subfield>
    <subfield code="2">ddc</subfield>
    <subfield code="4">0</subfield>
    <subfield code="7">0</subfield>
    <subfield code="a">LV</subfield>
    <subfield code="b">LV</subfield>
    <subfield code="c">Pensamiento</subfield>
    <subfield code="d">2015-05-22</subfield>
    <subfield code="l">0</subfield>
    <subfield code="o">707 D 542f</subfield>
    <subfield code="p">000722</subfield>
    <subfield code="r">2015-05-22 00:00:00</subfield>
    <subfield code="w">2015-05-22</subfield>
    <subfield code="y">01</subfield>
  </datafield>
</record>
